[Event "Tilburg Fontys"]
[Site "Tilburg"]
[Date "1998.10.30"]
[Round "7"]
[White "Topalov, Veselin"]
[Black "Lautier, Joel"]
[Result "0-1"]
[WhiteElo "2700"]
[BlackElo "2630"]
[Annotator "Lautier,J"]
[PlyCount "68"]
[EventDate "1998.10.23"]
[EventType "tourn"]
[EventRounds "11"]
[EventCountry "NED"]
[EventCategory "18"]
[SourceTitle "CBM 068"]
[Source "ChessBase"]
[SourceDate "1999.02.01"]
[SourceVersion "1"]
[SourceVersionDate "1999.02.01"]
[SourceQuality "1"]

1. e4 c5 2. Nf3 e6 3. d4 cxd4 4. Nxd4 Nf6 5. Nc3 Nc6 6. Ndb5 d6 7. Bf4 e5 8.
Bg5 a6 9. Na3 b5 10. Bxf6 gxf6 11. Nd5 Bg7 12. c3 f5 13. exf5 Bxf5 14. Nc2 Be6
15. g3 O-O 16. Bg2 a5 17. O-O f5 18. Qe2 Rb8 19. Rfd1 Kh8 20. Na3 b4 $2 (20...
Na7 $8 $13) 21. Nb5 $1 $16 {[%csl Gb5,Rc7,Rd6][%cal Gc3c4] /\ Ndc7} bxc3 22.
bxc3 (22. Ndxc3 {[%csl Rc6,Rd6]} e4 $5 (22... Rb6 23. Na4 $1 $16 (23. Rxd6 $2
Nd4 $17)) (22... Nd4 23. Nxd4 exd4 24. Qxe6 (24. Nb5 Qb6 (24... d3 $6 25. Qxd3
(25. Qxe6 Rxb5 26. Rxd3 Rxb2 27. Rxd6 Qf6 $14) 25... Bxb2 26. Rab1 (26. Nd4 $6
Bd7 27. Rab1 Qf6 $11) 26... Bg7 (26... Qf6 $2 27. Rd2 Be5 28. f4 $16) 27. a4 $1
$16 {[%csl Rd6]} (27. Nxd6 Bxa2 28. Rxb8 Qxb8 29. Nxf5 Qb2 30. Be4 (30. Nxg7
Qxf2+ 31. Kh1 Kxg7 32. Qc3+ (32. Rf1 Qb2 33. Qd7+ Rf7 34. Qg4+ Kh8 $11) 32...
Qf6 33. Qxa5 $14) 30... Be6 31. Rb1 Qf6 32. Rb6 $36)) 25. Qxe6 (25. a4 $6 Bb3
26. Rd2 Bxa4 $11) 25... Qxb5 26. b3 Qb4 $14) 24... dxc3 25. bxc3 Bxc3 26. Rac1
(26. Rxd6 Qxd6 27. Qxd6 Bxa1 $14) 26... Be5 {/\ f4} 27. f4 Qb6+ 28. Kh1 Rbe8
29. Qd5 (29. Qb3 Qxb3 30. axb3 Bb2 31. Rb1 Ba3 32. Rd5 Bc5 33. Bh3 Re3 34. Bxf5
Rb8 35. Rd3 Re2 $44 {/\ a4}) 29... Bg7 30. Rc2 $16 {[%csl Rd6,Rf5]} (30. Qxd6
$4 Re1+ $19) (30. Bh3 Re2 $132)) 23. Rxd6 Qc8 24. Rad1 (24. Nd5 $2 Be5) 24...
Ne5 $14) 22... Bg8 $8 (22... Rf7 $2 23. Ne3 $18) (22... Ne7 23. Ndc7 Bg8 24.
Rxd6 $16) 23. Ndc7 (23. Ne3 $142 e4 24. Nxd6 (24. Rxd6 Qb6 (24... Qc8 $14 {
/\ Ne5}) 25. a4 Qc5 26. Rad1 Ne5 $132 27. Qh5 $140 Nd3 28. Rd7 $2 f4 $1) 24...
Nd4 $8 25. cxd4 (25. Rxd4 Bxd4 26. Nexf5 Bxc3 27. Rd1 Qf6 $14) 25... Qxd6 26.
Rac1 $16 {/\ d5} (26. Bh3 Qg6 $132 {/\ f4, /\ Rbd8}) (26. Qh5 Qg6 $132)) 23...
Na7 $8 (23... Rb6 $2 24. Qe3 $1 (24. Rxd6 Nd4 25. cxd4 Rxd6 26. Nxd6 Qxd6 27.
Nb5 Qb6 28. dxe5 Re8 $132) 24... Qb8 25. Rxd6 $18) 24. Bd5 $1 (24. Rxd6 Qc8 {
/\ Nb5, Bc4} 25. Bd5 (25. a4 Nxb5 26. Nxb5 Bc4 27. Qd2 Bxb5 28. axb5 Rxb5 $11)
(25. Bf1 Rf7 $1 $132) 25... Nxb5 26. Nxb5 Qc5 27. Bxg8 $8 (27. c4 $2 Rxb5 28.
Rc6 Qd4 $19) 27... Rxb5 (27... Rxg8 $2 28. c4 Rxb5 $2 29. Rd5 $18) 28. Bc4 (28.
Rd5 $2 Qxc3 29. Rad1 (29. Qe1 Qxe1+ 30. Rxe1 Rb6 $19) 29... Rb2 $19) 28... Qxd6
29. Bxb5 e4 30. Rd1 Qe5 31. c4 f4 $132) 24... Nxb5 25. Nxb5 Qb6 $8 {[%csl Rd6,
Rf2][%cal Gf8f6,Gb8f8,Rf5f4,Gb6d6,Rb6f2] /\ Rf6, Raf8, >< d6, f5-f4|^} 26. a4
$6 {/\ Ra2-d2} (26. Nxd6 $6 Qxd6 27. Bxg8 Qc5 28. Bd5 (28. Bc4 Rbc8 29. Be6
Rce8 $11) 28... Qxc3 29. Rac1 Qa3 $11) (26. c4 $5 {[%csl Gd5][%cal Gb5c3,Gc3d5]
} e4 $5 (26... Rf6 27. Rab1 $1 {(Topalov): /\ Nc3} Bxd5 (27... Qc5 28. Nc3 Rxb1
(28... Rb4 $2 29. Bxg8 Kxg8 30. Nd5 $18) 29. Rxb1 Rf8 30. Rb7 (30. Rb5 Qd4 $132
) 30... e4 31. Bxg8 Rxg8 32. Nd5 $16) 28. Rxd5 $16 (28. Nc3 Qa7 (28... Qxb1 29.
Rxb1 Rxb1+ 30. Nxb1 Bc6 31. Nc3 $16) 29. Rxb8+ Qxb8 30. Rxd5 $16 {/\ Nb5})) 27.
Rab1 Be5 28. Bxg8 Rxg8 29. Nc3 (29. Nxd6 $6 Qxb1 (29... Qxd6 $2 30. Rxd6 Rxb1+
31. Rd1 $18) 30. Nf7+ Kg7 31. Nxe5 Qb2 32. Qh5 (32. Rd7+ Kf6 33. Qh5 Qxe5 {
- 31.Qh5} (33... Kxe5 $2 34. Rd5+ $18)) 32... Qxe5 33. Rd7+ Kf6 34. Qh4+ (34.
Qf7+ Kg5 35. Qxh7 Qh8 $1 $17) (34. Rxh7 Rg7 35. Qh6+ Kf7 $36) 34... Rg5 35.
Qh6+ Rg6 36. Qh4+ $11) 29... Qc5 30. Nd5 $14) (26. Rab1 $1 Qc5 (26... e4 27.
Bxg8 Kxg8 (27... Rxg8 28. Nxd6 Qxb1 $2 29. Nf7#) 28. Nxd6 Qxb1 29. Rxb1 Rxb1+
30. Kg2 $16) (26... Rf6 27. c4 $1 {- 26.c4}) 27. c4 $16 (27. Bxg8 Rxg8 28. c4
$16)) 26... Rf6 27. Ra2 (27. Qe3 Qxe3 28. fxe3 f4 $1 (28... Bh6 $2 29. Kf2 f4
30. gxf4 exf4 31. e4 f3 32. Rd3 Bxd5 33. exd5 Re8 34. Nd4 $1 $16) 29. e4 (29.
Bxg8 Rxg8 30. Rxd6 (30. Nxd6 fxg3 31. hxg3 Bh6 32. Ne4 Bxe3+ 33. Kg2 Rf4 $36)
30... fxg3 31. hxg3 Rf3 $11) 29... fxg3 30. hxg3 Bh6 31. Kg2 Rg6 $11 (31... Be3
32. Bxg8 Rxg8 33. Nxd6 Rf2+ 34. Kh3 Rf3 35. Nf5 Bf4 $132)) 27... f4 $1 $132 28.
Rad2 $4 (28. Qe4 fxg3 (28... Rbf8 29. Bxg8 Rxg8 30. Kg2 Bf8 31. Rd3 $14) 29.
hxg3 Rbf8 30. Bxg8 {/\ Qh7} Kxg8 31. Rdd2 Bh6 32. Re2 $11) 28... fxg3 (28...
Bh6 $2 29. Bxg8 fxg3 (29... f3 $2 30. Qe4 {[%csl Rh7]} Rxg8 31. Rxd6 $18) 30.
Rxd6 $1 gxf2+ 31. Kh1 (31. Kf1 $2 Rxg8 $19) 31... Rxd6 32. Nxd6 Qc6+ 33. Bd5
Qxd6 34. Qxf2 $11) 29. hxg3 Bh6 $19 30. Rc2 (30. Rd3 Bxd5 31. Rxd5 Rxf2 $19) (
30. Bxg8 Bxd2 31. Rxd2 Rxg8 32. Kg2 (32. Rd3 Rgf8 $19) 32... Qc6+ 33. Kg1 Rh6
$19) (30. Kg2 Bxd2 31. Rxd2 Bxd5+ 32. Rxd5 Rbf8 $19) 30... Rxf2 31. Qxf2 Be3
32. Kg2 Bxf2 33. Rxf2 Qe3 $1 34. Nxd6 Rb1 $3 (34... Rb1 $3 35. Rxb1 (35. Rdd2
Qh6 $19) (35. Rf8 Rb2+ 36. Kh3 (36. Kf1 Qe2+ $19) 36... Qh6+ $19) (35. Bf3 Rxd1
36. Bxd1 Qd3 $19) 35... Bxd5+ 36. Kg1 Qxg3+ 37. Kf1 Qd3+ $19) 0-1

[Event "Belgrade Investbank"]
[Site "Belgrade"]
[Date "1997.11.11"]
[Round "1"]
[White "Anand, Viswanathan"]
[Black "Lautier, Joel"]
[Result "0-1"]
[WhiteElo "2765"]
[BlackElo "2660"]
[Annotator "Lautier,J"]
[PlyCount "82"]
[EventDate "1997.11.11"]
[EventType "tourn"]
[EventRounds "9"]
[EventCountry "YUG"]
[EventCategory "18"]
[SourceTitle "CBM 062"]
[Source "ChessBase"]
[SourceDate "1998.01.31"]
[SourceVersion "1"]
[SourceVersionDate "1998.01.31"]
[SourceQuality "1"]

{For the second time this year, I was facing Anand with Black in the first
round. After having, according to Hort's poetic expression, "dressed up in the
'kamikaze' uniform" and unleashed the Center Counter in Biel, I opted for a
more sober battle-plan this time.} 1. e4 {Rogozenko} c5 2. Nf3 e6 3. d4 cxd4 4.
Nxd4 Nf6 5. Nc3 Nc6 {Rogozenko: Playing Sveshnikov by this move order helps
Black to avoid several variations. First of all after 2. ... e6 is not
possible 3.Bb5 any more, which can be played after 2. ... Nc6. And second,
lines like 7.a4 or 7.Nd5 in Sveshnikov, are also here not possible. On the
other hand Black should be ready after 2. ... e6 to face 3.c3, and in the
position on the board to be prepared against 6.Nc6, which is the main reason
why most of the players prefer to play the classical move order (2. ... Nc6
and 5. ... e5).} 6. Ndb5 d6 7. Bf4 e5 8. Bg5 a6 9. Na3 b5 {Thus we are back to
familiar Sveshnikov grounds. After a momentary crisis about three years ago,
the gritty beast - I refer to the opening obviously - is back in business. The
slight slump in popularity had been caused by several Kasparov improvements in
his 1994 games against Kramnik, Shirov and myself. Vishy, on the other hand,
has until now never shown to be quite as fluent in this Sicilian as he is in
more classical ones, as witnessed by his game with Kramnik in Dortmund this
year.} 10. Bxf6 gxf6 11. Nd5 Bg7 12. c4 {A rather offbeat line, with its only
high-level outing dating back to 1992 from a game Beliavsky-Dolmatov in
Yugoslavia. A good fifteen minutes were needed for me to remember my analysis
of four years back. Rogozenko: After this innacurate move Black can
immidiately create counterplay in the centre. 12.c4?! allows Black to avoid
one of the main variations which arises after 12.Bd3 Ne7 13.Ne7 Qe7 14.c4 f5.}
f5 {There is such a rule that should be one of the Sveshnikov's practitioner
ten commandments: if Black can afford it, his best reaction to the c4-push is
to ignore it and sac the b5-P for the "initiative".} 13. cxb5 (13. Bd3 {
Rogozenko Rogozenko: This looks to me more precise than the game. The idea is
to avoid the move 14. ... Be6!, which was played in the game.} O-O 14. exf5 $2
(14. O-O {Rogozenko} bxc4 15. Nxc4 Be6 16. Ndb6 (16. Ncb6 fxe4 17. Bxe4 Rb8 18.
Bxh7+ Kxh7 19. Qc2+ e4 20. Qxc6 Bd4 $44 {Waitzkin-Zamora, New York 1993}) 16...
Rb8 17. exf5 Bxc4 18. Nxc4 d5 19. Ne3 e4 $44 {Werndl-Zakic, Oberwart 1991}) (
14. cxb5 $1 {Rogozenko} axb5 $5 15. Nxb5 $1 {Rogozenko: I don`t see a clear
compensation for Black here.}) 14... e4) 13... Nd4 14. Bd3 (14. bxa6 $6 {
Rogozenko} fxe4 15. Qa4+ Kf8) 14... Be6 $1 {An important improvement over the
above-mentioned game.} (14... O-O 15. Nc2 $1 {allowed White to jugulate
Black's central activity and gain a clear edge in Beliavsky-Dolmatov.} (15. Nc2
{Rogozenko} Nxc2+ (15... fxe4 16. Bxe4 Rb8 $13) 16. Qxc2 $14)) 15. O-O (15. Nc2
{would now be clumsy, as Black instantly opens up the game by} Bxd5 16. exd5 e4
{with promising perspectives, since Black will recapture the b2-P and keep the
cherished 'initiative' in view of White's uncastled king.}) 15... O-O 16. Nc2
Nxc2 (16... Bxd5 $6 {once the White king is safely out of the draughts,
trading on d5 does not solve all the problems any more:} 17. exd5 e4 18. Bxe4
fxe4 19. Nxd4 Qf6 20. Nc6 axb5 (20... Qxb2 $2 21. Rb1 Qxa2 22. b6 $18) 21. Qg4
$16) (16... fxe4 {was a serious alternative, although I believed it to be
inadequate because of} 17. Bxe4 (17. Nxd4 $4 Bxd5 $19) 17... Nxc2 (17... f5 $2
18. Nxd4 exd4 19. Bf3 $16) 18. Qxc2 (18. Bxc2 axb5 $11 (18... axb5 {Rogozenko}
19. Ne3 f5 20. Bb3 Qd7 21. Bd5 Rac8 22. Qb3 $14 {Buchanan,W-Swan,I/SCO-ch100
1993/TD 93\10/0-1 (58)})) 18... Rc8 {and in my calculations, it appeared to me
that} ({and now} 18... f5 $2 {is refuted by} 19. Nc7 Rc8 20. Nxe6 Rxc2 {
however,} 21. Bxc2 $1 {ensures White a decisive advantage} (21. Nxd8 $2 {
only leads to a draw} fxe4 22. Ne6 Ra8 23. bxa6 (23. b6 Rb8 $11) 23... Rxa6 $11
) 21... Qc8 22. Bb3 {/\ Rac1} axb5 23. Rac1 Qb8 24. Nxf8+ Kxf8 25. Be6 $16) 19.
Bxh7+ $1 {was not only possible, but also very annoying for Black} (19. Qd1 $6
f5 $36) 19... Kh8 20. Qd3 Rc5 {is the only valid reply in this position. I now
have the feeling that my evaluation during the game was a bit pessimistic, as
Black obtains acceptable counter-chances for the pawn.} (20... axb5 $2 21. Bf5
$16) (20... Bxd5 $2 21. Bf5 $1 Bxg2 (21... Qg5 $2 {loses to} 22. Qh3+ Bh6 23.
Bxc8 $18) 22. Kxg2 $16) {For instance, on} 21. Ne3 Rxb5 {looks OK} ({or even} 
21... d5 $5 {is interesting})) 17. Bxc2 ({The point of having exchanged on c2
beforehand would appear clearly after} 17. Qxc2 Rc8 {now that the h7-P is no
longer en prise.} (17... fxe4 18. Bxe4 {would bring us back to the preceding
note}) 18. Qb3 (18. Qe2 $2 {is plainly bad in view of} fxe4 19. Bxe4 f5 $17) (
18. Nc3 fxe4 19. Bxe4 axb5 (19... f5 {is hardly possible, due to the
intermediate} 20. Bb7 $1 Rc5 21. bxa6 $16) 20. Bxh7+ Kh8 21. Qd3 b4 22. Ne2 Qg5
$36 {and Black has more than sufficient compensation for the pawn, not least
because the retreat of the Bh7 by} (22... Qh4 {lets White relocate his B to a
favourable square} 23. Bf5 $14) 23. Be4 $140 $2 {is met with} d5 24. Bxd5 Rcd8
$19 {and Black wins material}) 18... fxe4 19. Bxe4 f5 20. Bd3 axb5 (20... Rc5 {
allows White to get rid of the pin} 21. Bc4 axb5 22. Nf6+ $14) 21. Bxb5 Kh8 $13
) 17... fxe4 {Rogozenko: Although the position is equal, I would prefer Black.}
18. bxa6 (18. Bxe4 $142 {Rogozenko} f5 19. Bc2 axb5 20. Bb3 e4 (20... Kh8 $5)
21. Nf4 Bf7 22. Ne6 Bxe6 23. Bxe6+ Kh8 24. Bd5) 18... Rxa6 (18... f5 $2 {
It would be silly to let the Pa6 remain on the board, as after} 19. Bb3 Kh8 (
19... Rxa6 $2 20. Nb4 $18) 20. Qe2 {the pawn will only disappear after
promoting into a queen.}) 19. Bxe4 f5 20. Bd3 $2 {As usual, Anand advances in
fifth gear through a minefield. This time though, he overlooked a costly detail
} (20. Bc2 {was the correct answer. I considered the following line to be the
sternest test of Black's conception:} Kh8 (20... e4 {Rogozenko} 21. Bb3 Bxb2
22. Nf4 Bf7 23. Ne6 Bxe6 24. Bxe6+ Kh8 25. Rb1 {Rogozenko: and White is still
OK.}) 21. Bb3 (21. b4 $5 {deserves attention, with the idea of giving up the
exchange by} e4 22. Bb3 {with a complicated and rather dangerous endgame for
Black after} Bxd5 23. Bxd5 Bxa1 24. Qxa1+ Qf6 25. Qxf6+ Rxf6) 21... e4 22. Qd2
{the best square for the White queen, from which it considerably restricts the
activity of its Black counterpart.} Ra7 $1 (22... Be5 23. Nb4 Bxb3 24. Nxa6 Bc4
25. Nb4 Bxf1 26. Rxf1 {is not satisfactory for Black}) 23. Rac1 Be5 {prepares
counterplay along the g-file} 24. g3 Rg7 {and I believe Black has enough
activity to keep the balance, although White's side is easier to play, an
important factor for the practical assesment of the position.}) 20... Rc6 $1 {
By this simple move which prevents the planned Bc4, Black removes the lock on
his center pawns.} 21. Be2 (21. Qb3 {Holding the N on d5 at all cost is bound
to fail after} Rc5 22. Bc4 Kh8 $36 {followed by Qh4 and Rfc8 with a pressure
on the c4-B and the d5-N that White will not be able to resist for long.}) (21.
Bc2 $2 {Rogozenko} Rxc2 22. Qxc2 Bxd5 $19) 21... Rc5 22. Nc3 (22. Bf3 {offered
slightly better defensive prospects. For instance:} e4 ({Black has no time for
} 22... Kh8 23. b4 Rc4 24. Qb3 Rd4 25. Rad1 $11) 23. Nf4 Qe7 (23... Bc4 24. Be2
) ({and} 23... Bf7 24. Bh5 {are both unconvincing}) 24. Nxe6 Qxe6 25. Be2 d5 {
with an impressive pawn phalanx, but White's chances for survival are quite
real, thanks to the opposite-coloured bishops.} ({or} 25... Bxb2 26. Rb1 Be5))
22... e4 ({I put aside} 22... d5 {because of} 23. Na4 Rc8 24. b4 e4 25. Rc1 {
and the knight jumps to c5 with tempo}) 23. Rc1 (23. f3 $5 {Rogozenko} d5 24.
fxe4 fxe4 25. Rxf8+ Qxf8 26. Bg4 $13) 23... d5 24. Na4 Rxc1 25. Qxc1 d4 26. Nc5
(26. Bc4 {Rogozenko} Bd5 $5 $15) 26... Bd5 27. Bc4 {I could not make up my
mind between 27...Qd6 and 27...Kh8. My first impulse was to prevent the
exchange on e6 of his knight against my bishop on d5 with 27...Qd6, but it
seemed to me that White could throw in quite a resistance if he moved his
queenside pawns forward without any delay. I eventually resolved not to waste
a precious tempo and opted for 27...Kh8, a necessary precaution in many lines.
I still can't tell whether I made the proper choice.} Kh8 (27... Qd6 28. b4 Kh8
(28... d3 29. a4 Bd4 $2 30. Nxe4 $1 fxe4 31. Qg5+ Kh8 32. Bxd5 $16 {is a
clear-cut demonstration of the utility of moving my king to h8.}) 29. a4 d3 30.
Bxd5 Qxd5 31. Rd1 Bd4 32. a5 {is the point where I stopped calculating while
pondering over my 27th move. Black is better, but his exposed king seriously
complicates his task of converting into a win.}) 28. Ne6 Bxe6 29. Bxe6 d3 30.
Qc4 Qf6 (30... Bxb2 $2 31. Qb5 $1 Qf6 32. Bxf5 {is one typical Anand "shot"})
31. b3 (31. h3 {Rogozenko} Re8 (31... Qxb2 {Rogozenko} 32. Qd5 Qf6 33. Rc1 {
Rogozenko: activating the pieces.}) 32. Bd5 Rd8 33. g3 Qe5 $15 34. Bb7 Qe7 35.
Bd5 Qe5 36. Bb7 Qe7 37. Bd5 Qd6 (37... Bxb2 {Rogozenko} 38. a4 $2 (38. Be6 Qf6
$17) 38... Qe5 39. Bc6 e3 $1 $19) 38. Bb7 Qb6 39. Qc6 (39. Bd5 {Rogozenko} Qxb2
$17) 39... Qd4 40. Qe6 d2 41. Qxf5 $4 (41. Rd1 {Rogozenko} Qxb2 42. Bd5 Qd4 43.
Bb3 $15) 41... Rf8 $1 {0-1 Anand,V-Lautier,J/Investbanka 1997/CBM 62_05/
[Rogozenko] Rogozenko: following by 42. ... Rf2 -+.}) (31. b4 {Rogozenko} Rd8
$36) 31... Re8 32. Bd5 Rd8 33. g3 $1 {An important defensive measure,
neutralizing the f5-f4 push. The following moves were executed at almost
lightning speed, as I was keeping time-trouble at bay and Vishy was staying
fit.} Qe5 34. Bb7 Qe7 35. Bd5 Qe5 36. Bb7 Qe7 37. Bd5 Qd6 38. Bb7 Qb6 39. Qc6
Qd4 40. Qe6 $4 {As Anand explained to me after the game, he had been looking
for a way to reposition his stranded bishop back to the mythical c4-square,
and believed he had found the solution with the text move, intending to follow
it up with Ba6-c4. For the second time in the game, the same 'idée fixe'
causes White's downfall.} ({Correct was} 40. Qc4 Qa7 $1 (40... Qxc4 41. bxc4
Rb8 42. Bd5 Rb2 43. Be6 $11 {and Black misses a pawn on g6.}) (40... Qb2 41. a4
{and Black has a hard time making progress}) 41. Bc8 {and in all fairness, it
is difficult to come up with a winning plan for Black.} ({this time, the queen
exchange proves fatal to White, since after} 41. Qa6 $2 Qxa6 42. Bxa6 Ra8 43.
Bc4 Rxa2 44. Be6 {Black is able to defend his P from the side.} Ra5 $17)) 40...
d2 41. Qxf5 ({The reason this obvious reply was not played is} 41. Rd1 Qa1 $1
42. Rxa1 Bxa1 {winning, a simple shot that escaped many commentators.}) 41...
Rf8 $1 ({It did not dawn on me right away that my opponent was in fact pulling
his last trick, until I noticed that after} 41... d1=Q $2 {White has the
amazingly cool move} 42. Bxe4 $1 Qxf1+ ({if} 42... Qh5 43. Qxh5 Qxe4 {White
has not much to fear with four pawns for the piece}) 43. Kxf1 Kg8 44. Qxh7+ Kf8
{and with a full five pawns for the rook and queens still on the board, White
can put up a hell of a fight.}) (41... Rf8 $1 {The material losses are now too
heavy after} 42. Qg4 (42. Qd5 Qxd5 43. Bxd5 Rd8 $19) (42. Qxe4 d1=Q $19) 42...
Rxf2 $1 {so White resigned.}) 0-1

[Event "Gibraltar Masters 10th"]
[Site "Caleta"]
[Date "2012.01.31"]
[Round "8"]
[White "Polgar, Judit"]
[Black "Muzychuk, Mariya"]
[Result "1-0"]
[WhiteElo "2710"]
[BlackElo "2483"]
[Annotator "Let's Check"]
[PlyCount "127"]
[EventDate "2012.01.24"]
[EventType "swiss"]
[EventRounds "10"]
[EventCountry "GGB"]
[SourceTitle "CBM 147"]
[Source "ChessBase"]
[SourceDate "2012.03.16"]
[SourceVersion "1"]
[SourceVersionDate "2012.03.16"]
[SourceQuality "1"]

1. e4 c5 2. Nf3 Nc6 3. d4 cxd4 4. Nxd4 Nf6 5. Nc3 e5 6. Ndb5 d6 7. Bg5 a6 8.
Na3 b5 9. Nd5 Be7 10. Bxf6 Bxf6 11. c4 b4 12. Nc2 a5 13. g3 Bg5 14. h4 Bh6 15.
Bh3 Bxh3 16. Rxh3 Ne7 17. Nce3 Bxe3 18. Nxe3 O-O 19. Qd3 Qd7 20. Rh2 Rfd8 21.
h5 h6 22. O-O-O Rac8 23. Kb1 Rc5 24. f3 Qc7 25. g4 f6 26. Rhd2 Kf7 27. Qe2 Qb6
28. Rd3 Rc6 29. Qd2 Qc5 30. Rc1 Qb6 31. Qd1 Rc5 32. Rc2 Rc6 33. Rcd2 Qc5 34.
Qa4 Rb8 35. Rc2 Rcb6 36. Nd5 R6b7 37. Nxe7 Kxe7 38. Rd5 Rb6 $2 (38... Qe3 39.
Qb3 Qb6 $14) 39. Qxa5 $2 (39. Rxc5 dxc5 40. Qxa5 $18) 39... b3 $2 (39... Qxa5
40. Rxa5 b3 $16) 40. axb3 $2 (40. Rxc5 bxc2+ 41. Kc1 $18) 40... Qxa5 $16 41.
Rxa5 Rxb3 42. Ra7+ Kf8 43. Rf2 Rc3 44. Rc7 Rb4 45. Rd2 Rbxc4 46. Rxc4 Rxc4 47.
Rxd6 Rc7 48. Rd3 Rb7 49. b3 g6 50. hxg6 Kg7 51. Kb2 Kxg6 52. Rd6 Rf7 $6 (52...
Kg5 53. Rc6 Rb8 $16) 53. b4 $18 h5 54. gxh5+ Kxh5 55. Kb3 Kg5 56. Rd3 f5 57.
exf5 Kxf5 58. b5 e4 59. fxe4+ Kxe4 60. Rd1 Ke5 61. Kb4 Ke6 62. b6 Rd7 63. Rxd7
Kxd7 64. Kc5 1-0

[Event "CRO-ch 12th"]
[Site "Opatija"]
[Date "2012.01.27"]
[Round "11"]
[White "Zelcic, Robert"]
[Black "Kozul, Zdenko"]
[Result "1-0"]
[WhiteElo "2558"]
[BlackElo "2601"]
[Annotator "Let's Check"]
[PlyCount "103"]
[EventDate "2012.01.17"]
[EventType "tourn"]
[EventRounds "11"]
[EventCountry "CRO"]
[EventCategory "13"]
[SourceTitle "CBM 147"]
[Source "ChessBase"]
[SourceDate "2012.03.16"]
[SourceVersion "1"]
[SourceVersionDate "2012.03.16"]
[SourceQuality "1"]

1. e4 c5 2. Nf3 Nc6 3. d4 cxd4 4. Nxd4 Qb6 5. Nb3 Nf6 6. Nc3 e6 7. Bd3 a6 8.
O-O d6 9. Kh1 Qc7 10. f4 Be7 11. Qf3 O-O 12. Bd2 b5 13. Rae1 b4 14. Ne2 a5 15.
Nbd4 Ba6 16. e5 Nxd4 17. Nxd4 dxe5 18. fxe5 Bxd3 19. exf6 Bxf1 20. fxe7 Bxg2+
21. Qxg2 Qxe7 22. Nc6 Qd7 $2 (22... Qb7 23. Bh6 f5 $15) 23. Bh6 $18 f6 24. Rg1
Rfc8 25. Qxg7+ Qxg7 26. Rxg7+ Kh8 27. Ne7 Rf8 28. Kg2 f5 29. Rg3 Rf7 30. Bf4 h5
31. Nc6 Kh7 32. Re3 Rg7+ 33. Kf3 Rg1 34. Rd3 Rf1+ 35. Ke3 Rg8 36. Rd7+ Rg7 37.
Rxg7+ Kxg7 38. Be5+ Kg6 39. Ke2 Rh1 40. Kf3 Re1 41. Bd4 Re4 42. b3 Kf7 43. c4
bxc3 44. Bxc3 a4 45. b4 Ke8 46. Ne5 Kd8 47. b5 Kc7 48. Ba5+ Kb7 49. Nf7 Kb8 50.
Nd8 a3 $2 (50... e5 51. Bc3 Ka7 $11) 51. b6 $18 Rc4 52. Bb4 $1 1-0